00711nam a2200169 i 4500001000700000003000900007007000300016008004100019100003900060245018100099260003700280300002300317700003000340852003100370999001900401952012100420142932ES-MaACLt|071011s1975 sp ||||1| spa d1 aVicente de Paúl cSanto.911435410aObras completas. n, . Tomo IX, pConferencias 2. Conferencias a las Hijas de la Caridad, julio 1654-27 de agosto 1660 / cSan Vicente de Paúl ; [tradujo: A. Ortiz García]. aSalamanca : bSígueme, c1975. a1313 p. ; c22 cm.1 aOrtiz García, A.987617 aES-MaACLjE-8897 bR.93337 c142932d142932 00104070aATENEOMbATENEOMcDEPO2d2008-01-17eSCl0oE-8897p1148714r2023-02-23 00:00:00w2023-02-23yMONOGRAFIA